000 00265nam a22001217a 4500
003 OSt
008 150215b xxu||||| |||| 00| 0 eng d
100 1 _aThomas, Shipley
041 _aeng
245 1 0 _aThe History Of The A.E.F.
260 _b1920
_c1920
300 _a0 pages
999 _c674
_d674